00996nas a2200241Ia 4500001001100000003000900011008004100020040001300061040001300074041001300087100003800100210001800138222001800156245009500174250001100269260002200280501008600302300001100388310001600399362003600415500026000451650004300711R152/H9300IT-RoPAU151124c99999999xx |||||||||||| ||und|| aIT-RoPAU cIT-RoPAU aITALIANO aAA.VV. gCodice Aut. SPICS: 12000 aPARABOLA (LA) aParabola (La) aPARABOLA (LA), ANNO VI-N.16 (SETTEMBRE 2009)bParabola (La), Anno Vi-N.16 (Settembre 2009) a1a ed. aROMAbAIARTc2009 bPaulus - SPICS - Società San Paolo EM (non-commercial uses only)cCopyright2015 a116 p. aTRIMESTRALE aANNO 006, N.16 (SETTEMBRE 2009) aUrgente e Necessaria Educazione Ai Media di L. Borgomeo. Ipertesto: un Ideale Democratico All'Origine del Web di P. Castellucci. Informazione All'Oradi Cena: i Tg a Confronto di G. Simonelli e G. Dainelli. Comunicazioni e Sistema Italia di C. Calabro'. Me aCOMUNICAZIONEvPUBBLICAZIONE PERIODICA